000 00852nam a2200229Ii 4500
003 JO-AjNU
008 230605s9999||||xx |||||||||||||| ||und||
017 _a2010/7/2615
020 _a978-9957-506-58-2
040 _aJO-AjNU
_bara
_erda
_cJO-AjNU
041 _aara
050 1 4 _aBF432.3.N3834 2011
100 3 _aتاليف النواصرة، فيصل عيسى عبد القادر,
_eauthor
_947834
245 0 0 _aلذكاء الانفعالي والاجتماعي والخلقي لدى الطلبة الموهوبين
250 _aط1
264 3 1 _aعمان: دارعماد الدين للنشر والتوزيع، 2011
300 _a187ص
336 _atext
_btxt
_2rdacontent
337 _aunmediated
_bn
_2rdamedia
338 _avolume
_bnc
_2rdacarrier
650 4 _aالذكاء الانفعالي - الطلبة الموهوبون
_947835
999 _aA20909
_c24477
_d24477